| 000 | 00953nam0a22002651 4500 | ||
|---|---|---|---|
| 001 | rc\3492363 | ||
| 005 | 20250610023945.0 | ||
| 021 |
_aRU _b[69-93685] |
||
| 035 | _a(NLR Aleph) 007649510 | ||
| 090 |
_a6213131 _c6213131 |
||
| 100 | _a20130115d1969 |||y0rusy50 ca | ||
| 101 | 0 | _arus | |
| 102 | _aRU | ||
| 105 | _aa z ||||| | ||
| 200 | 1 |
_aТригонометрия _eУчеб. пособие _fПод ред. проф. В.Ф. Смирнова _gМ-во высш. и сред. спец. образования СССР. Моск. автомоб.-дор. ин-т. Подготовит. фак. |
|
| 210 |
_aМосква _cБ. и. _d1969 |
||
| 215 |
_a87 с. _cчерт. _d21 |
||
| 606 |
_aТригонометрия _2psbo |
||
| 700 | 1 |
_aБажора _bГ.Ф. _gГалина Федоровна |
|
| 702 | 1 |
_aСмирнов _bВ.Ф. _4340 |
|
| 801 | 0 |
_aRU _bNLR _gpsbo |
|
| 801 | 1 |
_aRU _bELAR _2rusmarc |
|
| 852 |
_aNLR _j69-4/26770 |
||
| 942 | _cBOOK | ||
| 980 | _aNB | ||